Brasilianer mit den meisten Bundesliga-Spielen - Statistiken

Allgemein
  • Dieses Quiz wurde 139 mal gespielt
  • Das Durchschnittsergebnis liegt bei 14 aus 37
Antwortstatistiken
Einsätze Vereine Buli-Debüt Antwort % Korrekt
336 Bayer Leverkusen; Bayern München; Hamburger SV 15.08.1998 Ze Roberto
79%
260 VfB Stuttgart; Bayern München; Borussia M'gladbach 19.08.1994 Giovane Elber
78%
322 Borussia Dortmund 14.08.1998 Dede
77%
358 Werder Bremen; VfL Wolfsburg; FC Schalke 04 06.08.2005 Naldo
77%
332 FC Schalke 04; Bayern München 27.08.2005 Rafinha
71%
219 Werder Bremen; FC Schalke 04; Hamburger SV; MSV Duisburg 17.10.1998 Ailton
70%
161 Werder Bremen; VfL Wolfsburg 13.08.2006 Diego
70%
290 Hertha BSC; FC Schalke 04; Borussia M'gladbach 02.02.2008 Raffael
68%
236 Bayer Leverkusen; Bayern München 28.01.2001 Lucio
67%
202 Borussia M'gladbach; Bayern München; VfL Wolfsburg 20.03.2009 Dante
62%
245 TSG Hoffenheim; Bayern München; VfL Wolfsburg 16.08.2008 Luiz Gustavo
62%
205 Hertha BSC; VfL Wolfsburg 29.07.2001 Marcelinho Paraiba
60%
107 VfL Wolfsburg 16.09.2007 Grafite
56%
140 TSG Hoffenheim 26.02.2011 Roberto Firmino
45%
119 Borussia Dortmund; FC Schalke 04 21.09.2008 Felipe Santana
44%
297 VfB Stuttgart; FC Schalke 04 14.08.1999 Marcelo Bordon
42%
121 Eintracht Frankfurt 03.10.2020 Tuta
35%
168 1. FSV Mainz 05; VfB Stuttgart; Karlsruher SC; Borussia Dortmund 08.08.2004 Antonio da Silva
32%
198 Bayer Leverkusen; Bayern München 07.08.1993 Paulo Sergio
32%
130 Borussia Dortmund; VfB Stuttgart 29.09.2001 Ewerthon
31%
101 Energie Cottbus 11.08.2001 Vragel da Silva
30%
126 Borussia Dortmund; 1. FC Köln 29.08.1999 Evanilson
28%
136 1. FC Kaiserslautern; FC Schalke 04 05.08.2001 Lincoln
28%
186 Bayer Leverkusen 21.09.2014 Wendell
28%
139 Bayer Leverkusen 10.08.2002 Juan
26%
164 VfL Wolfsburg 26.08.2007 Josue
25%
109 VfL Wolfsburg; FC Augsburg 05.10.2008 Caiuby
23%
101 Bayer Leverkusen 16.08.2008 Renato Augusto
21%
154 Bayer Leverkusen; Bayern München 15.09.1989 Jorginho
16%
116 1. FC Köln 16.08.2008 Pedro Geromel
16%
113 1. FC Kaiserslautern 02.08.1997 Ratinho
13%
101 FC Augsburg 28.09.2019 Iago
12%
133 Eintracht Frankfurt; VfL Wolfsburg; TSG Hoffenheim 21.09.2003 Chris
7%
140 Bayer Leverkusen; VfL Wolfsburg 13.08.1999 Robson Ponte
6%
101 Hertha BSC 07.08.2004 Gilberto
5%
110 Borussia M'gladbach; 1. FC Kaiserslautern 28.07.2001 Marcelo Pletsch
5%
144 Hannover 96 25.01.2003 Vinicius
4%
Keine übereinstimmenden Quizze gefunden
Verteilung der Resultate
Anzahl Personen mit jedem Resultat
Perzentil nach korrekt beantworteten Fragen
Ihre Resultats-Entwicklung
Sie haben dieses Quiz noch nicht gespielt